000 00904nam a22002777a 4500
001 BR9606639
003 BR-BrBNA
005 20230928095059.0
007 ta
008 230509b bl.||||| |||| 00| 0 por d
040 _aBR-BrBNA
_bpor
_cBiblioteca Nacional de Agricultura
041 _a(Por)
072 _aF30
_b0150
090 _ 0150 BR9606639
100 1 _aRodrigues, L.R.F.
110 1 _aEscola Superior de Agricultura Luiz de Queiroz, Piracicaba, SP (Brasil)
_0Tese (Mestre em Agronomia)
245 1 _aCaracterizacao de grupos de germoplasmas de arroz (Oryza sativa L.)por meio da sensitividade a variacao gama
260 3 _aPiracicaba, SP (Brasil):
_c1994.
300 _a74 p.
500 _aBibliography p. 64-74; Summaries (Eng, Por): 10 illus.; 10 tables
650 _aArroz
650 _aGermoplasma
650 _aGenetica
909 _a202309
_bLucia
_c55
_dLucia Elande
942 _cBK
999 _c54398
_d54398